Los Dos derechos de la tierra: la cuestión agraria en el país Ixil
Guardat en:
| Autor principal: | |
|---|---|
| Format: | Text |
| Publicat: |
Guatemala:
FLACSO. MINUGUA. CONTIERRA
|
| Matèries: | |
| Etiquetes: |
Afegir etiqueta
Sense etiquetes, Sigues el primer a etiquetar aquest registre!
|
MARC
| LEADER | 00000 a a2200000 04500 | ||
|---|---|---|---|
| 001 | 29071 | ||
| 003 | |||
| 040 | |||
| 020 | |a 99922-66-56-2 | ||
| 090 | |a 190603 | ||
| 100 | |a Durocher, Bettina | ||
| 245 | |a Los Dos derechos de la tierra: la cuestión agraria en el país Ixil | ||
| 260 | |a Guatemala: |b FLACSO. MINUGUA. CONTIERRA | ||
| 300 | |a 197 p; vol. 3 |b map. | ||
| 650 | |a PROPIEDAD DE LA TIERRA | ||
| 650 | |a TIERRAS COMUNALES | ||
| 650 | |a POBLACION INDIGENA | ||
| 650 | |a MINORIAS ETNICAS | ||
| 650 | |a USO DE LA TIERRA | ||
| 650 | |a CONFLICTOS SOCIALES | ||
| 650 | |a GUERRA | ||
| 650 | |a IDENTIDAD CULTURAL | ||
| 650 | |a RECURSOS NATURALES | ||
| 999 | |c 10540 |d 10540 | ||



